White Keys (All Lyrics) - Dominic Fike - Statistics

General Stats
  • This quiz has been taken 65 times
  • The average score is 194 of 294
Answer Stats
Answer % Correct
I
100%
was
100%
a
98%
we
98%
on?
95%
on
95%
the
95%
The
95%
to
95%
me
93%
You
93%
you
93%
but
90%
But
90%
it
90%
it,
90%
It
90%
everything
88%
never
88%
world
85%
had
83%
in
83%
of
83%
stay
83%
stay,
83%
were
83%
work
80%
be
78%
is
78%
working
78%
black
75%
keys
75%
meant
75%
no
75%
pitch
75%
what
75%
White
75%
and
73%
major
73%
nothing
73%
seventeen
73%
she
73%
White
73%
'cause
70%
Chevy
70%
jeans
70%
knew
70%
too
70%
antique,
68%
for
68%
gave
68%
have
68%
if
68%
moving,
68%
she's
68%
so
68%
ain't
65%
pair
65%
way
65%
guess
63%
some
63%
tees
63%
that
63%
seat
60%
thought
60%
as
58%
front
58%
mad,
58%
part
58%
weed
58%
because
55%
got
55%
out
55%
wanna
55%
would
55%
famous
53%
sad
53%
take
53%
then
53%
trees,
53%
Aight,
50%
like
50%
make
50%
Oh,
50%
route
50%
smell
50%
going
48%
being
45%
en
43%
all
38%
fit
35%
Florida
35%
sweet
35%
before
33%
1995,
30%
came
30%
cream,
30%
Ice
30%
into
30%
rich
30%
Tight
30%
squeeze
28%
tryna
28%
my
25%
Pine
25%
teens
25%
breeze
23%
everyday
23%
king
20%
this
20%
with
20%
ass
18%
back
18%
don't
18%
Isn't
18%
Prada
18%
want
18%
singing
15%
these
15%
Celine's,
13%
g's
13%
g's,
13%
bought
10%
Kids
10%
made
10%
Mismatching
10%
songs
10%
stack
10%
coming
8%
Dispatching
8%
feel
8%
heart
8%
inside
8%
even
5%
Fifth
5%
keep
5%
pull
5%
somewhat,
5%
up,
5%
week,
5%
wholesome
5%
distance,
3%
point
3%
scene
3%
wreck
3%
intact,
0%
No matching quizzes found
Score Distribution
Percent of People with Each Score
Percentile by Number Answered
Your Score History
You have not taken this quiz